| 000 | 02130nam a2200361 4500 | ||
|---|---|---|---|
| 005 | 20251024180000.0 | ||
| 008 | 250410b2014 |||||||| |||| 00| 0 eng d | ||
| 020 | _a9781471523359 | ||
| 041 | _aING | ||
| 082 | _a428.640.24 E92i | ||
| 100 |
_aEvans, Virginia _92969 |
||
| 100 |
_aDooley, Jenny _927233 |
||
| 100 | _aLeland Keel, Stephen | ||
| 245 | _aInsurance | ||
| 260 | _aEstados Unidos | ||
| 260 | _bExpress Publishing | ||
| 260 | _c2014 | ||
| 300 | _a100 páginas | ||
| 300 | _bIlustraciones y fotografías a color | ||
| 440 | _aCareer Paths | ||
| 490 |
_aDirección y Administración de Empresas _aTemática General |
||
| 505 | _aTable of contents: | ||
| 505 | _aBook 1: Unit 1: Insurance. Unit 2: Principles of insurance. Unit 3 - 4: Types of insurance. Unit 5: Basic insurance finance. Unit 6: Working with numbers. Unit 7: Describing quantities. Unit 8: Describing changes. Unit 9: Describing benefits. Unit 10: Structure og the market. Unit 11: Structure of an insurance company. Unit 12: Types of agents. Unit 13: People in an insurance agency. Unit 14: Insurance agency services. Unit 15: Pay and benefits. | ||
| 505 | _aBook 2: Unit 1: Policy terminology. Unit 2: Insurance and practice. Unit 3: Types of risk. Unit 4: Risk assessment. Unit 5: Describing loss. Unit 6:Claims. Unit 7: Reinsurance. Unit 8 - 9: Automobile insurance. Unit 10 - 11: Life insurance. Unit 12: Disability insurance. Unit 13: Business interruption insurance. Unit 14: Travel insurance. Unit 15: Credit insurance. | ||
| 505 | _aBook 3: Unit 1: Actuarial science. Unit 2: Underwriting. Unit 3: Investing. Unit 4: Marketing. Unit 5: Fire and perils insurance: combustion. Unit 6: Fire and perils insurance: major incidents. Unit 7: Types of property insurance. Unit 8: Common property hazards. Unit 9: Title insurance. Unit 10: Csualty insurance. Unit 11: Liability. Unit 12: Malpractice. Unit 13: Health insurance. Unit 14: Regulation. Unit 15: Fraud. | ||
| 650 | _aVOCABULARY | ||
| 650 | _aREADING | ||
| 650 | _aWRITING | ||
| 650 | _aSPEAKING | ||
| 650 | _aLISTENING | ||
| 942 |
_2ddc _cBK |
||
| 999 |
_c13787 _d13787 |
||